Narrative and critical history of America.

Bibliographic Details
Main Author: Winsor, Justin, 1831-1897
Format: Book
Language:English
Published: London : Sampson Low, 1889.

MARC

Tag First Indicator Second Indicator Subfields
LEADER 00000cam a22000005 4500
001 in00000661921
005 20151015155910.0
008 801203s1889 enkab 00000 eng d
035 |a (OCoLC)06991956 
035 |9 ACZ2089AM 
040 |a TXA  |c TXA  |d UtOrBLW 
049 |a TXAM  |v 1 [41886]  |v 2 [41887]  |v 3 [41888]  |v 4 [41889]  |v 5 [41890]  |v 6 [41891]  |v 7 [41892]  |v 8 [41893] 
090 |a E18  |b .W77 1889 
092 |a 973  |b W782n 
100 1 |a Winsor, Justin,  |d 1831-1897. 
245 1 0 |a Narrative and critical history of America. 
264 1 |a London :  |b Sampson Low,  |c 1889. 
300 |a 8 volumes :  |b illustrations maps. 
336 |a text  |b txt  |2 rdacontent 
337 |a unmediated  |b n  |2 rdamedia 
338 |a volume  |b nc  |2 rdacarrier 
999 |a MARS 
999 f f |s 82388044-0431-3736-a1ee-3d9c177979c7  |i 9594c502-d0f3-37ff-af6a-7163c61d7c05  |t 0 
952 f f |p normal  |a Texas A&M University  |b College Station  |c Sterling C. Evans Library  |d Evans: Library Stacks  |t 0  |e E18 .W77 1889  |h Library of Congress classification  |i unmediated -- volume  |k v.4  |m A14801516336 
952 f f |p normal  |a Texas A&M University  |b College Station  |c Sterling C. Evans Library  |d Evans: Library Stacks  |t 0  |e E18 .W77 1889  |h Library of Congress classification  |i unmediated -- volume  |k v.5  |m A14801516344 
952 f f |p normal  |a Texas A&M University  |b College Station  |c Sterling C. Evans Library  |d Evans: Library Stacks  |t 0  |e E18 .W77 1889  |h Library of Congress classification  |i unmediated -- volume  |k v.8  |m A14801516378 
952 f f |p normal  |a Texas A&M University  |b College Station  |c Sterling C. Evans Library  |d Evans: Library Stacks  |t 0  |e E18 .W77 1889  |h Library of Congress classification  |i unmediated -- volume  |k v.1  |m A14801516302 
952 f f |p normal  |a Texas A&M University  |b College Station  |c Sterling C. Evans Library  |d Evans: Library Stacks  |t 0  |e E18 .W77 1889  |h Library of Congress classification  |i unmediated -- volume  |k v.2  |m A14801516310 
952 f f |p normal  |a Texas A&M University  |b College Station  |c Sterling C. Evans Library  |d Evans: Library Stacks  |t 0  |e E18 .W77 1889  |h Library of Congress classification  |i unmediated -- volume  |k v.7  |m A14801516360 
952 f f |p normal  |a Texas A&M University  |b College Station  |c Sterling C. Evans Library  |d Evans: Library Stacks  |t 0  |e E18 .W77 1889  |h Library of Congress classification  |i unmediated -- volume  |k v.3  |m A14801516328 
952 f f |p normal  |a Texas A&M University  |b College Station  |c Sterling C. Evans Library  |d Evans: Library Stacks  |t 0  |e E18 .W77 1889  |h Library of Congress classification  |i unmediated -- volume  |k v.6  |m A14801516352 
998 f f |a E18 .W77 1889  |s v.1-v.8  |t 0  |l Evans: Library Stacks